Sports Quiz

Random Sports or Baseball Quiz

MLB 2011 World Series: Texas vs St. Louis Quiz Stats

 Plays Quiz Updated Oct 29, 2015

Score 0/28 Timer 04:00
3 Plays Today
Team Answer % Correct
TexasRangers
95.8%
St. LouisCardinals
94.9%
St. LouisAlbert Pujols
86.3%
St. LouisAlbert Pujols
86.3%
St. LouisTony La Russa
84.9%
TexasRon Washington
81.5%
St. LouisBusch Stadium
79.7%
TexasJosh Hamilton
77.8%
St. Louis2006
74.4%
Texas2010
73.5%
TexasNelson Cruz
63.9%
TexasCJ Wilson and Derek Holland
62.9%
TexasIan Kinsler and Adrian Beltre
60.2%
TexasNolan Ryan
58%
Team Answer % Correct
St. LouisDavid Freese
53.3%
St. LouisMatt Holliday
51.8%
TexasElvis Andrus
46.9%
TexasMichael Young
46.8%
TexasNeftali Feliz
45.9%
TexasRangers Ballpark in Arlington
44.6%
St. LouisKyle Lohse
28.1%
TexasArthur Rhodes
24.7%
St. LouisArthur Rhodes
24.7%
St. LouisFernando Salas
16.1%
TexasJon Daniels
14.9%
St. LouisJohn Mozeliak
12.1%
St. LouisWhitey Herzog
7.3%
St. LouisTyler Greene
4.7%

You're not logged in!

Compare scores with friends on all Sporcle quizzes.
OR
Log In

Show Comments

Extras

Top Quizzes Today


Score Distribution

Your Account Isn't Verified!

In order to create a playlist on Sporcle, you need to verify the email address you used during registration. Go to your Sporcle Settings to finish the process.

Report this User

Report this user for behavior that violates our Community Guidelines.

Details: